Catálogo
 En Linea

Pensamiento pedagógico / (Registro nro. 37112)

Detalles MARC
000 -CABECERA
campo de control de longitud fija 00560nam a2200169 a 4500
001 - NÚMERO DE CONTROL
campo de control 000037622
005 - FECHA Y HORA DE LA ÚLTIMA TRANSACCIÓN
campo de control 20200930080456.0
008 - DATOS DE LONGITUD FIJA--INFORMACIÓN GENERAL
campo de control de longitud fija 121010s2007 gt 000 0 spa d
040 ## - FUENTE DE LA CATALOGACIÓN
Centro catalogador/agencia de origen DO-SdBNP
Lengua de catalogación spa
Centro/agencia transcriptor BNPHU
082 ## - NÚMERO DE LA CLASIFICACIÓN DECIMAL DEWEY
Número de clasificación xxxx
Número de documento/Ítem xxxxx
100 1# - ENTRADA PRINCIPAL--NOMBRE DE PERSONA
Nombre de persona González Orellana,
9 (RLIN) 64087
245 10 - MENCIÓN DE TÍTULO
Título Pensamiento pedagógico /
Mención de responsabilidad, etc. Carlos Gonzáles Orellana.
260 ## - PUBLICACIÓN, DISTRIBUCIÓN, ETC.
Lugar de publicación, distribución, etc. Guatemala :
Nombre del editor, distribuidor, etc. Universidad de San Carlos Guatemala,
Fecha de publicación, distribución, etc. 2007.
300 ## - DESCRIPCIÓN FÍSICA
Extensión v. ;
Dimensiones 22 cm.
500 ## - NOTA GENERAL
Nota general Incluye datos biográficos del autor en la contracubiertas
505 2# - NOTA DE CONTENIDO CON FORMATO
Información miscelánea v. 1
Título Ensayos
Información miscelánea v.2
Título Propuesta
Existencias
Estado de retiro Estado de pérdida Restricciones de uso No para préstamo Código de colección Localización permanente Ubicación/localización actual Ubicación en estantería Fecha de adquisición Número de inventario Total de préstamos Signatura topográfica completa Código de barras Fecha visto por última vez Precio válido a partir de Tipo de ítem Koha
      Excluido de préstamo Monografías: Libros y Folletos General General Depósito 10.10.2012 LF1   v. 1 37622-10 25.06.2020 25.06.2020 No se presta
      Excluido de préstamo Monografías: Libros y Folletos General General Depósito 22.10.2012 LF1   v. 2 37622-20 25.06.2020 25.06.2020 No se presta

Con tecnología Koha